Trong cơn gió lốc. Góc tăm tối cuối cùng. Không phải trò đùa Tiểu thuyết

Saved in:
Bibliographic Details
Main Author: Khuất Quang Thuỵ 1950-
Format: Book
Language:Vietnamese
Published: H. Hội Nhà văn 2015
Series:Tác phẩm văn học được giải thưởng Nhà nước
Subjects:
Tags: Add Tag
No Tags, Be the first to tag this record!
Institutions: Mạng thư viện Đại học Đà Nẵng
LEADER 01590nam a2200373 4500
001 000024544
003 21032
005 20161221091253.0
008 161213s2015 viesd
041 0 |a vie 
082 1 4 |a 895.922334  |b KH-T 
100 1 |a Khuất Quang Thuỵ  |d 1950- 
245 1 0 |a Trong cơn gió lốc. Góc tăm tối cuối cùng. Không phải trò đùa  |b Tiểu thuyết  |c Khuất Quang Thuỵ 
260 |a H.  |b Hội Nhà văn  |c 2015 
300 |a 1151 tr.  |b chân dung  |c 21 cm. 
490 |a Tác phẩm văn học được giải thưởng Nhà nước 
650 0 4 |a Nhà văn Việt Nam  |x Giải thưởng  |y Thế kỷ 20 
650 0 4 |a Tiểu thuyết Việt Nam  |x Giải thưởng  |y Thế kỷ 20 
650 0 4 |a Văn học Việt Nam  |x Giải thưởng  |y Thế kỷ 21 
653 |a Văn học hiện đại 
653 |a Tiểu thuyết 
653 |a Việt Nam 
OWN |a LSP 
AVA |a UDN50  |b LNN  |d 895.922334 KH-T  |e available  |t Error 5001 Not defined in file expand_doc_bib_avail.  |f 1  |g 0  |h N  |i 0 
AVA |a UDN50  |b LSP  |d 895.922334 KH-T  |e available  |t Error 5001 Not defined in file expand_doc_bib_avail.  |f 4  |g 0  |h N  |i 0  |k 1 
999 |a From the UDN01 
AVA |a UDN50  |b LNN  |d 895.922334 KH-T  |e available  |t Error 5001 Not defined in file expand_doc_bib_avail.  |f 1  |g 0  |h N  |i 0 
AVA |a UDN50  |b LSP  |d 895.922334 KH-T  |e available  |t Error 5001 Not defined in file expand_doc_bib_avail.  |f 4  |g 0  |h N  |i 0  |k 1 
TYP |a Monograph 
TYP |a Printed language 
980 |a Mạng thư viện Đại học Đà Nẵng